LEADER 00619nam0 2200217 450 001 000003839 005 20180531094156.0 100 $a20020422d1958----km-y0itay50------ba 101 0 $aeng 102 $aUS 200 1 $aMarine ecology$fHilary B. Moore 210 $aNew York$cJohn Wiley$aLondon$cChapman & Hall$d1958 215 $aXI, 493 p.$cill.$d24 cm 610 1 $aEcologia marina 676 $a574.52636 700 1$aMoore,$bHilary B.$0150813 801 0$aIT$bUNIPARTHENOPE$gRICA$2UNIMARC 912 $a000003839 951 $cPIST$a574.526/101$b13554$d20020423 996 $aMarine ecology$9298523 997 $aUNIPARTHENOPE LEADER 01414nas 2200469- 450 001 996320996903316 005 20230404213020.0 011 $a2316-915X 035 $a(DE-599)ZDB3072644-X 035 $a(OCoLC)958654927 035 $a(CKB)3710000000526181 035 $a(CONSER)--2018240214 035 $a(EXLCZ)993710000000526181 100 $a20160919a20129999 --- - 101 0 $apor 135 $auru|||||||||| 181 $ctxt$2rdacontent 182 $cc$2rdamedia 183 $acr$2rdacarrier 200 00$aCadernos de naturologia e terapias complementares 210 1$aPalhoça, SC :$cUniversidade do Sul de Santa Catarina,$d2012- 300 $aRefereed/Peer-reviewed 311 $a2316-7580 517 1 $aJournal of naturology and complementary therapies 606 $aNaturopathy$zBrazil$vPeriodicals 606 $aNaturopathy$vPeriodicals 606 $aNaturopathy 606 $aComplementary Therapies 606 $aNaturopathy$2fast$3(OCoLC)fst01034733 607 $aBrazil$2fast 608 $aPeriodical. 608 $aPeriodicals.$2fast 615 0$aNaturopathy 615 0$aNaturopathy 615 12$aNaturopathy. 615 22$aComplementary Therapies. 615 7$aNaturopathy. 712 02$aUnisul (University), 906 $aJOURNAL 912 $a996320996903316 996 $aCadernos de naturologia e terapias complementares$92575581 997 $aUNISA